[Event "GER-chT U14"]
[Site "Willingen"]
[Date "2021.06.27"]
[Round "7.10"]
[White "Dick, Fabian"]
[Black "Popovici, Liviu Daniel"]
[Result "0-1"]
[WhiteElo "1220"]
[BlackElo "1505"]
[PlyCount "76"]
[EventDate "2021.06.23"]
[EventType "team-swiss"]
[EventRounds "7"]
[EventCountry "GER"]
[SourceTitle "EXT 2022"]
[Source "ChessBase"]
[SourceDate "2021.10.06"]
[SourceVersion "1"]
[SourceVersionDate "2021.10.06"]
[SourceQuality "1"]
[WhiteTeam "Weingarten"]
[BlackTeam "Vaterstetten Grasbrunn"]
[WhiteTeamCountry "GER"]
[BlackTeamCountry "GER"]

1. f4 d5 2. Nf3 c5 3. e3 Nf6 4. Be2 e6 5. b3 Bd6 6. Bb2 Nc6 7. d3 b6 8. Nc3 Bb7 9. Qd2 e5 10. Nb5 exf4 11. Nxd6+ Qxd6 12. exf4 0-0 13. 0-0-0 a5 14. a4 Ba6 15. Ne5 b5 16. Nxc6 Qxc6 17. Qxa5 b4 18. Bxf6 gxf6 19. g4 Bxd3 20. Qxa8 Rxa8 21. Bxd3 c4 22. g5 cxd3 23. Rxd3 Rc8 24. c3 Qd6 25. c4 Qxf4+ 26. Kc2 dxc4 27. bxc4 Rxc4+ 28. Kb3 Rc3+ 29. Rxc3 bxc3 30. Kxc3 Qf3+ 31. Kb4 Qxh1 32. gxf6 Qe4+ 33. Kb5 Kf8 34. h4 Ke8 35. a5 Qxh4 36. a6 Qxf6 37. a7 Qd8 38. a8Q Qxa8 0-1